000 00533nam a2200169 i 4500
001 142590
003 ES-MaACL
005 20230906200551.0
007 t|
008 071008s1967 sp ||||1| spa d
100 1 _aVillamediana, Juan de Tassis y Peralta, Conde de.
_9114996
245 1 0 _aObra completa /
_cJuan de Tassis Peralta, conde de Villamediana ; ilustra Munoa.
260 _aBarcelona :
_bMarte,
_c1967.
300 _aXXVII, 254 p. :
_bil. ;
_c20 cm.
700 1 _aMunoa.
_984215
852 _aES-MaACL
_jC-33629
_bR.63923
999 _c142590
_d142590